Процессы правки и правящий инструмент из синтетичесских сверхтвердых материалов; Синтетические алмазы - ключ к технологическому прогрессу; Ч. 2

Dades bibliogràfiques
Parent link:Синтетические алмазы - ключ к технологическому прогрессу
Ч. 2.— 1977.— С. 55-63
Altres autors: Байкалов А. К., Дубовик Н. П., Коломиец В. В., Сукенник И. Л.
Idioma:rus
Publicat: 1977
Matèries:
Format: MixedMaterials Capítol de llibre
KOHA link:https://koha.lib.tpu.ru/cgi-bin/koha/opac-detail.pl?biblionumber=594807

MARC

LEADER 00000naa0a2200000 4500
001 594807
005 20250217164939.0
035 |a (RuTPU)RU\TPU\tpu\11846 
090 |a 594807 
100 |a 20040316d1977 k y0rusy50 ca 
101 0 |a rus 
102 |a RU 
200 1 |a Процессы правки и правящий инструмент из синтетичесских сверхтвердых материалов  |f А. К. Байкалов [и др.] 
461 |t Синтетические алмазы - ключ к технологическому прогрессу 
463 |t Ч. 2  |v С. 55-63  |d 1977 
610 1 |a правка 
610 1 |a правящий инструмент 
610 1 |a синтетические сверхтвердые материалы 
610 1 |a труды учёных ТПУ 
701 1 |a Байкалов  |b А. К. 
701 1 |a Дубовик  |b Н. П. 
701 1 |a Коломиец  |b В. В. 
701 1 |a Сукенник  |b И. Л. 
801 1 |a RU  |b 63413507  |c 20040316  |g PSBO 
801 2 |a RU  |b 63413507  |c 20100406  |g RCR 
942 |c BK